[Event "Mechanics' Summer TNM; 30/90, SD/30"]
[Site "San Francisco"]
[Date "2012.06.12"]
[Round "4.12"]
[White "Krasnov, Steven"]
[Black "Lacounte, Brendan"]
[Result "0-1"]
[WhiteElo "1994"]
[BlackElo "1772"]
[PlyCount "80"]
[EventDate "2012.??.??"]

1. c4 e6 2. Nf3 d5 3. g3 Nf6 4. Bg2 b6 5. O-O Bb7 6. d4 Nbd7 7. cxd5 Nxd5 8. e4
N5f6 9. e5 Nd5 10. Nc3 Be7 11. Re1 c5 12. a3 Qc7 13. Qd3 cxd4 14. Nb5 Qb8 15.
Nbxd4 Nc5 16. Qc2 O-O 17. b4 Na6 18. Bd2 Rc8 19. Qd3 Qc7 20. Rac1 Qd7 21. h4
Rxc1 22. Bxc1 Rc8 23. Bd2 Nac7 24. h5 h6 25. Qe4 Nb5 26. Qg4 Nxd4 27. Nxd4 Rc4
28. Bxh6 Bf8 29. Be3 Nc3 30. Bf1 Rc7 31. Bg2 Bxg2 32. Kxg2 Rc4 33. f3 Nb5 34.
Rd1 Nxa3 35. h6 g6 36. h7+ Kh8 37. Rd2 Bxb4 38. Bg5 Be7 39. Nxe6 Qxd2+ 40. Bxd2
Rxg4 0-1

[Event "Mechanics' Summer TNM; 30/90, SD/30"]
[Site "San Francisco"]
[Date "2012.07.03"]
[Round "7.8"]
[White "Krasnov, Steven"]
[Black "Ledford, Steven"]
[Result "1-0"]
[WhiteElo "1994"]
[BlackElo "1924"]
[PlyCount "57"]
[EventDate "2012.??.??"]

1. c4 Nf6 2. Nf3 g6 3. d4 Bg7 4. Nc3 d5 5. Bf4 c6 6. e3 Bg4 7. h3 Bxf3 8. Qxf3
O-O 9. Be2 a5 10. O-O Na6 11. Be5 dxc4 12. Bxc4 Nc7 13. Rfd1 Ncd5 14. e4 Nxc3
15. bxc3 b5 16. Bb3 a4 17. Bc2 Qb6 18. Rab1 Nd7 19. Bxg7 Kxg7 20. Qf4 Qa5 21.
Rb4 c5 22. dxc5 e5 23. Qe3 Ra7 24. Rd5 Nb8 25. Bd3 Rb7 26. Qe2 Rc8 27. Bxb5 a3
28. Rxe5 Qa7 29. Ra4 1-0

[Event "Mechanics' Fall TNM; 30/90, SD/30"]
[Site "San Francisco"]
[Date "2012.11.20"]
[Round "6.4"]
[White "Krasnov, Steven"]
[Black "Lee, Andy"]
[Result "0-1"]
[WhiteElo "1959"]
[BlackElo "2291"]
[Annotator "Donaldson"]
[PlyCount "64"]
[EventDate "2012.??.??"]

1. d4 e6 2. c4 Bb4+ 3. Bd2 a5 4. Nf3 d6 5. g3 Nc6 6. Nc3 Nf6 7. Qc2 e5 8. a3
exd4 9. axb4 Nxb4 10. Qa4+ Bd7 11. Nb5 Ra6 12. Nfxd4 c5 13. Nf3 d5 14. Ne5 Qe7
15. Nxd7 $4 (15. f4 $16) (15. Bc3 $16) 15... Nd3+ 16. Kd1 Nxb2+ 17. Kc1 Nxa4
18. Nc7+ Kxd7 19. Nxa6 Qe4 20. f3 Qxc4+ 21. Kd1 Qb3+ 22. Ke1 bxa6 23. Bh3+ Ke7
24. Kf2 Nc3 25. Rhc1 d4 26. Rxa5 Nfd5 27. Bf5 Re8 28. Rxc5 Kd6 29. Bxc3 dxc3
30. Rc8 Rxc8 31. Bxc8 c2 32. Ra1 Qe3+ 0-1

[Event "Mechanics' Summer TNM; 30/90, SD/30"]
[Site "San Francisco"]
[Date "2012.05.29"]
[Round "2.17"]
[White "Krasnov, Steven"]
[Black "Newey, Richard"]
[Result "1-0"]
[WhiteElo "1994"]
[BlackElo "1588"]
[PlyCount "61"]
[EventDate "2012.??.??"]

1. c4 Nf6 2. Nc3 g6 3. Nf3 d5 4. d4 Bg7 5. Qb3 c6 6. Bf4 O-O 7. e3 b6 (7... Qa5
8. Nd2 Nbd7 9. Be2 Nh5 10. Bxh5 dxc4 11. Nxc4 Qxh5 12. O-O e5) 8. h3 Ba6 9. Ne5
dxc4 10. Bxc4 Bxc4 11. Qxc4 b5 12. Qb3 Qb6 13. O-O Nbd7 14. Rfd1 Nxe5 $2 (14...
e6) (14... a6 15. a4) 15. dxe5 Nh5 16. Bh2 Bh6 17. Rd7 e6 18. Ne4 a5 19. g4 a4
20. Qd3 f5 21. gxh5 fxe4 22. Qxe4 Rf5 23. hxg6 hxg6 24. Rc1 Raf8 25. Rxc6 Qa5
26. Rc1 Qb6 27. Bg3 R8f7 28. Rd6 Qa7 29. Rxe6 Rg7 30. Re8+ Kh7 31. Rcc8 1-0

[Event "Mechanics' Spring TNM; 30/90, SD/30"]
[Site "San Francisco"]
[Date "2012.04.17"]
[Round "6.16"]
[White "Krasnov, Steven"]
[Black "Persidsky, Andre"]
[Result "0-1"]
[WhiteElo "2033"]
[BlackElo "1795"]
[Annotator "Donaldson"]
[PlyCount "60"]
[EventDate "2012.??.??"]

1. d4 d5 2. c4 c6 3. Nf3 Nf6 4. e3 e6 5. Nc3 Bb4 6. Qc2 Nbd7 7. Bd3 O-O 8. O-O
Qc7 9. Bd2 b6 10. Nxd5 Nxd5 11. cxd5 Bxd2 12. dxe6 Bb4 13. exd7 Bxd7 14. Bxh7+
Kh8 15. Bf5 Bd6 16. Rac1 Be8 17. a3 a5 18. Rfd1 g6 19. Bd3 Kg7 20. g3 Rh8 21.
e4 f6 22. Re1 Rh5 23. d5 (23. e5 $1) 23... c5 24. b4 Bf7 25. bxc5 (25. e5 $1)
25... Bxc5 26. Qc3 Rah8 27. e5 $1 Bxd5 28. exf6+ Kf8 29. Bxg6 $4 Qxg3+ $3 30.
hxg3 Rh1+ 0-1

[Event "Mechanics' Winter TNM; 30/90, SD/30"]
[Site "San Francisco"]
[Date "2012.01.10"]
[Round "2.5"]
[White "Krasnov, Steven"]
[Black "Persidsky, Andre"]
[Result "0-1"]
[WhiteElo "1983"]
[BlackElo "1795"]
[PlyCount "84"]
[EventDate "2012.??.??"]

1. Nf3 d5 2. c4 c6 3. e3 Nf6 4. b3 Bg4 5. Bb2 e6 6. h3 Bh5 7. Be2 Nbd7 8. O-O
Bd6 9. Nc3 O-O 10. cxd5 exd5 11. d3 Qe7 12. Qd2 Rfe8 13. Rae1 Qf8 14. Nd4 Bg6
15. Bd1 Bb4 16. Nc2 Ba5 17. Be2 Qd6 18. f4 h6 19. Ba3 c5 20. Bf3 b5 21. Nxb5
Qa6 22. b4 cxb4 23. Bxb4 Bxb4 24. Qxb4 Rec8 25. Rf2 Bxd3 26. Ncd4 Rab8 27. Rb2
Qb6 28. Nd6 Qa6 29. N4b5 Rc5 30. a4 Bxb5 31. Nxb5 Qb6 32. Qb3 Qa5 33. Rd1 a6
34. Bxd5 Nxd5 35. Rxd5 Rxd5 36. Qxd5 Nf6 37. Qd6 Rd8 38. Qc7 Rd1+ 39. Kh2 Qe1
40. Qc8+ Kh7 41. Qc2+ g6 42. Nd4 Nh5 0-1

[Event "Mechanics' Spring TNM; 30/90, SD/30"]
[Site "San Francisco"]
[Date "2012.03.27"]
[Round "3.2"]
[White "Krasnov, Steven"]
[Black "Rumph, Todd"]
[Result "1/2-1/2"]
[WhiteElo "2033"]
[BlackElo "2183"]
[PlyCount "44"]
[EventDate "2012.??.??"]

1. Nf3 Nf6 2. c4 e6 3. g3 d5 4. Bg2 c5 5. O-O Nc6 6. cxd5 exd5 7. d4 Be7 8. Nc3
O-O 9. Bg5 c4 10. Ne5 Be6 11. e3 h6 12. Bxf6 Bxf6 13. f4 Ne7 14. g4 Qb6 15. f5
Bxe5 16. fxe6 fxe6 17. dxe5 Qxe3+ 18. Kh1 Qxe5 19. Re1 Qd6 20. Nb5 Qb6 21. Nd4
Rf6 22. b3 Rd8 1/2-1/2

[Event "Mechanics' Winter TNM; 30/90, SD/30"]
[Site "San Francisco"]
[Date "2012.01.24"]
[Round "4.7"]
[White "Krasnov, Steven"]
[Black "Sherwood, Peter"]
[Result "1/2-1/2"]
[WhiteElo "1983"]
[BlackElo "1769"]
[PlyCount "92"]
[EventDate "2012.??.??"]

1. c4 c5 2. Nf3 Nf6 3. g3 g6 4. Bg2 Bg7 5. Nc3 O-O 6. O-O Nc6 7. d4 cxd4 8.
Nxd4 Nxd4 9. Qxd4 d6 10. Rd1 Qa5 11. Nb5 a6 12. Bd2 Qd8 13. Nc3 Qc7 14. Qd3 Bd7
15. Rac1 Bc6 16. e4 Qb6 17. Rb1 Rac8 18. h3 Rfd8 19. b4 Nd7 20. b5 axb5 21.
cxb5 Bxc3 22. Bxc3 Bxb5 23. Rxb5 Rxc3 24. Qb1 Qa6 25. Rxb7 Qe2 26. Rb2 Qc4 27.
Bf1 Qc5 28. Rb5 Qc6 29. h4 Ra8 30. Rb2 Qc5 31. Rd5 Rc1 32. Rxc5 Rxb1 33. Rcb5
Rxb2 34. Rxb2 Nc5 35. f3 Ra3 36. Kf2 Kg7 37. Bc4 Kf6 38. Ke2 e6 39. Bb3 Ke5 40.
Ke3 Kf6 41. Kd4 Ra5 42. f4 e5+ 43. Ke3 Ra3 44. Kf3 h5 {draw offer} 45. Ke3 Ke7
46. Kf3 Kf6 {draw agreed} 1/2-1/2

[Event "Mechanics' Mar TNM; 30/90, SD/30"]
[Site "San Francisco"]
[Date "2012.09.11"]
[Round "7.7"]
[White "Krasnov, Steven"]
[Black "Sherwood, Peter"]
[Result "0-1"]
[WhiteElo "1962"]
[BlackElo "1784"]
[PlyCount "76"]
[EventDate "2012.??.??"]

1. c4 e5 2. Nc3 Nf6 3. g3 Bb4 4. Nd5 Bc5 5. Bg2 c6 6. Nc3 O-O 7. e3 d5 8. d4
exd4 9. exd4 Bb4 10. cxd5 Nxd5 11. Nge2 Bg4 12. O-O Nxc3 13. bxc3 Bxc3 14. Rb1
Bxd4 15. h3 Bxe2 16. Qxe2 Bb6 17. a4 Re8 18. Qb2 Re7 19. Bg5 f6 20. Qb3+ Kh8
21. Rfd1 Qe8 22. Bf4 Na6 23. Bd6 Rd7 24. Ba3 Rad8 25. Rxd7 Rxd7 26. Bf3 Nc5 27.
Qc2 Nd3 28. Rf1 Ne1 29. Qc3 Nxf3+ 30. Qxf3 Qd8 31. Re1 h6 32. Qh5 Kh7 33. Qf5+
g6 34. Qe6 Qc7 35. Kf1 Rf7 36. Be7 Kg7 37. Bb4 Qd7 38. Qe2 Qxh3+ 0-1

[Event "Mechanics' Mar TNM; 30/90, SD/30"]
[Site "San Francisco"]
[Date "2012.08.07"]
[Round "2.25"]
[White "Krienke, Jason"]
[Black "Bowles, Sam"]
[Result "1-0"]
[WhiteElo "1713"]
[BlackElo "1285"]
[PlyCount "75"]
[EventDate "2012.??.??"]

1. e4 c5 2. c3 d6 3. Nf3 Nf6 4. Qc2 Bg4 5. Be2 e6 6. d4 Bxf3 7. Bxf3 Be7 8. e5
Nd5 9. c4 Nb4 10. Qb3 N8c6 11. Bxc6+ Nxc6 12. exd6 Qxd6 13. dxc5 Qe5+ 14. Qe3
Bxc5 15. Qxe5 Nxe5 16. O-O O-O 17. Nd2 Rfd8 18. Ne4 Bd4 19. c5 Nd3 20. Be3 Bxb2
21. Rab1 Rd5 22. Nd6 Nxc5 23. Bxc5 Rxc5 24. Rxb2 b6 25. Rd2 Rd8 26. Rfd1 b5 27.
h4 a6 28. Nxb5 Rxd2 29. Rxd2 Rd5 30. Rxd5 exd5 31. Nc7 d4 32. Nxa6 d3 33. Kf1
f6 34. Ke1 Kf7 35. Nc5 Ke7 36. Kd2 Kd6 37. Ne4+ Kd5 38. Kxd3 1-0

[Event "Mechanics' Mar TNM; 30/90, SD/30"]
[Site "San Francisco"]
[Date "2012.08.21"]
[Round "4.26"]
[White "Krienke, Jason"]
[Black "Graeber, Marie"]
[Result "1/2-1/2"]
[WhiteElo "1713"]
[BlackElo "1542"]
[PlyCount "139"]
[EventDate "2012.??.??"]

1. e4 e6 2. d4 d5 3. e5 c5 4. c3 cxd4 5. cxd4 a6 6. Nf3 Nc6 7. Bd3 Bb4+ 8. Nc3
Nge7 9. O-O b5 10. Ne2 O-O 11. Ng3 Ba5 12. Be3 Nb4 13. Bxh7+ Kxh7 14. Ng5+ Kg8
15. Qh5 Re8 16. Qxf7+ Kh8 17. Nh5 Rg8 18. Nf4 (18. Nf6 $1) 18... Qe8 19. Nfxe6
Qxf7 20. Nxf7+ Kh7 21. Nfg5+ Kg6 22. h4 Bxe6 23. Nxe6 Kf7 24. Ng5+ Ke8 25. Bd2
Nec6 26. a3 Nc2 27. Rac1 Bxd2 28. Rxc2 Bxg5 29. hxg5 Nxd4 30. Rd2 Ne6 31. Rxd5
Nxg5 32. Rc1 Ne6 33. Rc6 Kf7 34. Rd7+ Ke8 35. Rdd6 Nd8 36. Rxa6 Rc8 37. Rdb6
Rh8 38. g3 Rh5 39. Rxb5 Rc1+ 40. Kg2 Rc2 41. g4 Rh7 42. Ra8 Rd2 43. a4 g6 44.
Rb6 Rf7 45. Re6+ Kd7 46. Rd6+ Rxd6 47. exd6 Rf6 48. Ra7+ Kc6 49. d7 Kb6 50. Ra8
Kc7 51. Ra7+ Kb6 52. Ra8 Kc7 53. Rc8+ Kxd7 54. Rc4 Nc6 55. b4 Ne5 56. Re4 Nc6
57. b5 Na5 58. f4 Kd6 59. Kg3 Kc5 60. f5 gxf5 61. Re5+ Kb4 62. Rxf5 Rd6 63. Rf3
Kxa4 64. Rf5 Nb3 65. g5 Nd4 66. Rf6 Rd5 67. g6 Kxb5 68. Kg4 Nc6 69. Rf5 Rxf5
70. Kxf5 1/2-1/2

[Event "Mechanics' Mar TNM; 30/90, SD/30"]
[Site "San Francisco"]
[Date "2012.09.04"]
[Round "6.13"]
[White "Krienke, Jason"]
[Black "Mandrusov, George"]
[Result "1/2-1/2"]
[WhiteElo "1713"]
[BlackElo "2018"]
[PlyCount "87"]
[EventDate "2012.??.??"]

1. e4 e5 2. Nf3 Nf6 3. Nc3 Nc6 4. Be2 d5 5. exd5 Nxd5 6. Nxd5 Qxd5 7. d3 Bc5 8.
O-O Bd7 9. Be3 O-O-O 10. Nd2 Bxe3 11. fxe3 f5 12. Nb3 Qd6 13. d4 Be6 14. c3 Kb8
15. Nc5 Rhf8 16. Qa4 Bc8 17. Bb5 Ne7 18. Qb3 Ka8 19. Bc4 Nc6 20. Rad1 f4 21.
exf4 exd4 22. Nd3 Bg4 23. Rd2 g5 24. Rdf2 Na5 25. Qb5 Nxc4 26. Qxc4 dxc3 27.
fxg5 Rxf2 28. Rxf2 Be6 29. Qxc3 Bxa2 30. b3 Bb1 31. Ne5 Qb6 32. Nd7 Qc6 33.
Qxc6 bxc6 34. Rf8 Rxf8 35. Nxf8 a5 36. h4 Bc2 37. h5 Bxb3 38. Nd7 a4 39. Nc5
Ka7 40. g6 hxg6 41. hxg6 Bg8 42. Nxa4 Ka6 43. Kf2 Kb5 44. Nb2 1/2-1/2

[Event "Mechanics' Mar TNM; 30/90, SD/30"]
[Site "San Francisco"]
[Date "2012.09.11"]
[Round "7.12"]
[White "Krienke, Jason"]
[Black "Todortsev, Victor"]
[Result "1/2-1/2"]
[WhiteElo "1713"]
[BlackElo "1950"]
[PlyCount "87"]
[EventDate "2012.??.??"]

1. e4 c5 2. c3 Nf6 3. e5 Nd5 4. Nf3 Nc6 5. d4 cxd4 6. cxd4 e6 7. Bc4 Nb6 8. Bb3
d5 9. Nc3 Be7 10. Be3 O-O 11. O-O Bd7 12. Rc1 Rc8 13. a3 Na5 14. Nd2 Nxb3 15.
Qxb3 Bc6 16. a4 f6 17. f4 a5 18. Qd1 Qe8 19. b3 Nd7 20. Nf3 Kh8 21. Ne2 b5 22.
axb5 Bxb5 23. Qd2 Bb4 24. Qb2 Qe7 25. Rxc8 Rxc8 26. Rc1 Qd8 27. Ng3 Rc7 28. f5
Nf8 29. fxe6 Nxe6 30. Nf5 Bd3 31. Ng3 Qc8 32. Rxc7 Qxc7 33. Bd2 h6 34. Bxb4
axb4 35. Qd2 Qc3 36. exf6 Qxd2 37. fxg7+ Kxg7 38. Nxd2 Nxd4 39. Nh5+ Kf7 40.
Nf4 Ne2+ 41. Nxe2 Bxe2 42. Kf2 Bd1 43. Ke3 Ke6 44. Nf3 1/2-1/2

[Event "Mechanics' Summer TNM; 30/90, SD/30"]
[Site "?"]
[Date "2012.06.12"]
[Round "4"]
[White "Krienke, Jason"]
[Black "Winslow, Elliott"]
[Result "0-1"]
[WhiteElo "1713"]
[BlackElo "2365"]
[PlyCount "50"]
[EventDate "2012.??.??"]

1. e4 c5 2. c3 d6 3. Nf3 Nf6 4. Bb5+ Nbd7 5. e5 dxe5 6. Nxe5 e6 7. Bxd7+ Nxd7
8. d4 cxd4 9. cxd4 Nxe5 10. dxe5 Qa5+ 11. Nc3 Qxe5+ 12. Be3 Bc5 13. Qa4+ Bd7
14. Qe4 Qxe4 15. Nxe4 Bxe3 16. fxe3 Bc6 17. Nc3 Ke7 18. O-O-O Bxg2 19. Rhg1 Bf3
20. Rdf1 Bh5 21. Rf4 Rac8 22. Rg5 Bg6 23. Rb4 Rc7 24. Kd2 Rd8+ 25. Rd4 f6 0-1

[Event "Mechanics' Spring TNM; 30/90, SD/30"]
[Site "San Francisco"]
[Date "2012.03.20"]
[Round "2.23"]
[White "LaCounte, Brendan"]
[Black "James, Charles"]
[Result "1-0"]
[WhiteElo "1772"]
[BlackElo "1476"]
[PlyCount "119"]
[EventDate "2012.??.??"]

1. d4 f5 2. Bg5 Nf6 3. Bxf6 exf6 4. e3 d5 5. c4 Be6 6. Qb3 b6 7. Nc3 c6 8. cxd5
Bxd5 9. Nxd5 Qxd5 10. Qxd5 cxd5 11. Bb5+ Kf7 12. Rc1 Bd6 13. Ne2 a6 14. Bd3 g6
15. O-O b5 16. a3 Nd7 17. Rc6 Ke7 18. Nc3 Ke6 19. Ne2 Nb8 20. Rcc1 Ra7 21. Bb1
Nd7 22. Rc6 Nb8 23. Rc2 Rc7 24. Rxc7 Bxc7 25. Rc1 Rc8 26. Nf4+ Kd6 27. Ba2 Kd7
28. Nd3 Bxh2+ 29. Kxh2 Rxc1 30. Nxc1 Kd6 31. Nd3 Nc6 32. Nf4 Ne7 33. g3 Kc6 34.
Kg2 Kd6 35. Kf1 Kc6 36. Ke1 a5 37. Kd2 Kd6 38. Kc3 Kc6 39. Bb1 Nc8 40. Bd3 Nd6
41. Ne6 Ne4+ 42. Bxe4 fxe4 43. Nf4 Kd6 44. Kd2 f5 45. Ke1 Kc6 46. Ne6 h6 47.
Nf8 g5 48. Ne6 b4 49. a4 Kd6 50. Ng7 f4 51. exf4 gxf4 52. gxf4 Ke7 53. Nf5+ Kf6
54. Nxh6 Kg6 55. Ng4 Kf5 56. Ne3+ Ke6 57. Kf1 Kd6 58. Kg2 Ke6 59. Kg3 Kd6 60.
Kg4 1-0

[Event "Mechanics' Spring TNM; 30/90, SD/30"]
[Site "San Francisco"]
[Date "2012.04.03"]
[Round "4.22"]
[White "LaCounte, Brendan"]
[Black "Mar, Henry"]
[Result "1-0"]
[WhiteElo "1772"]
[BlackElo "1500"]
[PlyCount "57"]
[EventDate "2012.??.??"]

1. d4 Nf6 2. Nf3 e6 3. Bf4 Bd6 4. Bxd6 cxd6 5. e3 b6 6. Bd3 Ba6 7. O-O Bxd3 8.
Qxd3 O-O 9. e4 Nc6 10. Nbd2 Rc8 11. c3 Qc7 12. Rfe1 Nh5 13. e5 d5 14. Ng5 g6
15. g4 Ng7 16. Qh3 h5 17. gxh5 Nxh5 18. Kh1 Ne7 19. Rg1 Kg7 20. Qxh5 Rh8 21.
Qf3 Nf5 22. Nf1 d6 23. Ne3 dxe5 24. Nxf5+ exf5 25. Qg2 e4 26. Ne6+ fxe6 27.
Qxg6+ Kf8 28. Qf6+ Qf7 29. Qxh8+ 1-0

[Event "Mechanics' Fall TNM; 30/90, SD/30"]
[Site "San Francisco"]
[Date "2012.10.30"]
[Round "3.13"]
[White "LaCounte, Brendan"]
[Black "Rood, Ben"]
[Result "1-0"]
[WhiteElo "1924"]
[BlackElo "1700"]
[PlyCount "73"]
[EventDate "2012.??.??"]

1. d4 d5 2. Nf3 Nf6 3. Bf4 e6 4. e3 Bd6 5. Bg3 Nc6 6. Nbd2 Bxg3 7. hxg3 Bd7 8.
Bb5 Qe7 9. c3 a6 10. Bxc6 Bxc6 11. Ne5 Bd7 12. Qf3 O-O-O 13. a4 Rdg8 14. Nb3 g5
15. Nc5 Rg7 16. Rh6 Ne4 17. Nexd7 Nxc5 18. Nxc5 Rg6 19. Rxg6 hxg6 20. Kd2 f5
21. g4 Rh4 22. gxf5 gxf5 23. g3 g4 24. Qf4 Rh2 25. Ke2 Rh3 26. b4 Qf6 27. Qe5
Qxe5 28. dxe5 Rh6 29. b5 a5 30. Rg1 b6 31. Nd3 Kd7 32. Kf1 c6 33. Kg2 cxb5 34.
axb5 Kc7 35. Rh1 Rg6 36. Rh7+ Kb8 37. Nf4 1-0

[Event "Mechanics' Fall TNM; 30/90, SD/30"]
[Site "San Francisco"]
[Date "2012.12.04"]
[Round "8.10"]
[White "LaCounte, Brendan"]
[Black "Sherwood, Peter"]
[Result "1-0"]
[WhiteElo "1924"]
[BlackElo "1780"]
[PlyCount "81"]
[EventDate "2012.??.??"]

1. d4 d5 2. Nf3 Nf6 3. Bg5 Ne4 4. Bf4 c5 5. e3 Nc6 6. c3 Qb6 7. Qb3 c4 8. Qxb6
axb6 9. Be2 e6 10. O-O Bd6 11. Nbd2 Bxf4 12. exf4 Nxd2 13. Nxd2 Bd7 14. Rfe1
O-O 15. Nf3 Rfe8 16. Ne5 Nxe5 17. fxe5 Ra7 18. Bg4 Rea8 19. a3 Ba4 20. Re2 Rf8
21. f4 g6 22. h4 Raa8 23. Bh3 h5 24. g4 hxg4 25. Bxg4 Bd7 26. Rae1 Rae8 27. Rg2
Kh7 28. Kf2 f5 29. Bd1 Rh8 30. h5 Reg8 31. Rh1 Be8 32. hxg6+ Kg7 33. Bh5 Rh6
34. Rgh2 {draw offer} Bxg6 35. Bxg6 Rxg6 36. Rh7+ Kf8 37. Rxb7 Rg2+ 38. Kf1
Rxb2 39. Rhh7 Rb1+ 40. Kf2 Rb2+ 41. Kf3 1-0

[Event "Mechanics' Fall TNM; 30/90, SD/30"]
[Site "San Francisco"]
[Date "2012.11.13"]
[Round "5.4"]
[White "LaCounte, Brendan"]
[Black "Traub, Igor"]
[Result "1-0"]
[WhiteElo "1924"]
[BlackElo "2118"]
[Annotator "Donaldson"]
[PlyCount "39"]
[EventDate "2012.??.??"]

1. d4 d5 2. Nf3 Nf6 3. Bg5 e6 4. Nbd2 h6 5. Bh4 c5 6. e3 Nc6 7. c3 Be7 8. Bd3
O-O 9. O-O b6 10. Ne5 Nxe5 11. dxe5 Nd7 12. Bxe7 Qxe7 13. f4 f6 14. Qh5 f5 15.
g4 c4 16. Bc2 Nc5 17. g5 Kh7 18. Nf3 Qf7 $4 19. g6+ $1 Qxg6+ 20. Ng5+ 1-0

[Event "Mechanics' Mar TNM; 30/90, SD/30"]
[Site "San Francisco"]
[Date "2012.09.18"]
[Round "8.3"]
[White "Lacounte, Brendan"]
[Black "Chamberlain, Ethan"]
[Result "1-0"]
[WhiteElo "1817"]
[BlackElo "1972"]
[PlyCount "43"]
[EventDate "2012.??.??"]

1. d4 Nf6 2. Nf3 g6 3. Nc3 d5 4. Bf4 Bg7 5. e3 O-O 6. Be2 Bg4 7. Ne5 Bxe2 8.
Qxe2 c6 9. h4 Qa5 10. h5 Ne4 11. hxg6 fxg6 12. Qg4 Rf5 13. Qh3 Nf6 14. g4 Rxf4
15. exf4 Nbd7 16. g5 Nxe5 17. gxf6 Nf3+ 18. Qxf3 exf6 19. O-O-O b5 20. Qh3 h6
21. Qe6+ Kh7 22. Rxh6+ 1-0

[Event "Mechanics' Mar TNM; 30/90, SD/30"]
[Site "San Francisco"]
[Date "2012.08.28"]
[Round "5.11"]
[White "Lacounte, Brendan"]
[Black "Mandrusov, George"]
[Result "1-0"]
[WhiteElo "1817"]
[BlackElo "2018"]
[PlyCount "95"]
[EventDate "2012.??.??"]

1. d4 Nf6 2. Nf3 e6 3. e3 Be7 4. Bd3 d5 5. O-O Nbd7 6. Nbd2 c5 7. b3 O-O 8. Bb2
b6 9. Ne5 Bb7 10. Qf3 Qc7 11. Qh3 h6 12. f4 Ne4 13. Nxe4 dxe4 14. Bc4 Nxe5 15.
fxe5 Qc6 16. a4 a6 17. Rf2 b5 18. axb5 axb5 19. Rxa8 Rxa8 20. Bf1 Ra2 21. c4
Ba6 22. Qh5 g6 23. Qxh6 bxc4 24. Qf4 Qe8 25. Bxc4 Bxc4 26. bxc4 Bf8 27. Qxe4
Qb8 28. Qf3 Qa7 29. Bc3 Ra4 30. Qe2 Qa6 31. Qf3 Qa7 32. d5 Qd7 33. Qe4 exd5 34.
Qxd5 Qe7 35. Rf6 Bg7 36. Rxg6 Qh4 37. Rg3 Qxc4 38. Qd8+ Kh7 39. Qg5 Ra1+ 40.
Bxa1 Qc1+ 41. Kf2 Qc2+ 42. Kf3 Qd1+ 43. Ke4 Qa4+ 44. Kf5 Qd7+ 45. Kf4 Bh6 46.
Rh3 Qxh3 47. gxh3 Bxg5+ 48. Kxg5 1-0

[Event "Mechanics' Summer TNM; 30/90, SD/30"]
[Site "San Francisco"]
[Date "2012.05.22"]
[Round "1.3"]
[White "Lacounte, Brendan"]
[Black "Thornally, Frank"]
[Result "0-1"]
[WhiteElo "1772"]
[BlackElo "2205"]
[Annotator "Donaldson"]
[PlyCount "92"]
[EventDate "2012.??.??"]

1. d4 d5 2. Nf3 Nf6 3. Bf4 g6 4. e3 Bg7 5. Bd3 O-O 6. Nbd2 c5 7. c3 b6 8. Qa4
Bb7 9. Bxb8 Qxb8 10. Ne5 Qc7 11. Bb5 a6 12. Be2 b5 13. Qa3 Ne4 14. Nd3 c4 15.
Nf4 e5 16. Nh3 Nxd2 17. Kxd2 a5 18. b3 exd4 19. cxd4 Bc8 20. Nf4 b4 21. Qc1 c3+
22. Kc2 Bf5+ 23. Bd3 Bxd3+ 24. Nxd3 Qd7 25. Qd1 Rfe8 26. Qf3 Re7 27. g4 Rae8
28. h3 Qb5 29. a4 Qc6 30. Nf4 Re4 31. Nd3 Bf8 32. Ne5 Qc7 33. Qe2 Bh6 34. Qb5
Rd8 35. Nc6 Rde8 36. Qxd5 Bxe3 $1 37. Rae1 $2 (37. fxe3 Rxe3 38. Ne5) 37... Qf4
$1 38. fxe3 Qf2+ (38... Rxe3 $1) 39. Kd3 Rxe3+ 40. Rxe3 Qxe3+ 41. Kc4 c2 42.
Ne5 $2 (42. Kb5 c1=Q 43. Rxc1 Qxc1 44. Kxa5) 42... Qc3+ 43. Kb5 Rb8+ 44. Ka6
Qc8+ 45. Ka7 Qc7+ 46. Qb7 Qxb7# 0-1

[Event "Mechanics' Mar TNM; 30/90, SD/30"]
[Site "San Francisco"]
[Date "2012.08.07"]
[Round "2.13"]
[White "Lacounte, Brendan"]
[Black "Traub, Igor"]
[Result "1-0"]
[WhiteElo "1817"]
[BlackElo "2135"]
[PlyCount "75"]
[EventDate "2012.??.??"]

1. d4 Nf6 2. Nf3 e6 3. e3 d5 4. Bd3 c5 5. b3 Nc6 6. Bb2 Bd7 7. Nbd2 Rc8 8. a3
Bd6 9. Ne5 O-O 10. O-O b5 11. Nxd7 Qxd7 12. dxc5 Bxc5 13. Bxf6 gxf6 14. Qg4+
Kh8 15. Qh4 f5 16. Qf6+ Kg8 17. Qg5+ Kh8 18. Qf6+ Kg8 19. Bxb5 Qe7 20. Qxe7
Bxe7 21. Bxc6 Rxc6 22. c4 Bf6 23. Rad1 Rb8 24. cxd5 exd5 25. Rc1 Rc3 26. Rb1
Rd3 27. Rfd1 f4 28. exf4 Bc3 29. Nf1 Rxd1 30. Rxd1 Rxb3 31. Rxd5 Rxa3 32. Rd3
a5 33. Ne3 Ra1+ 34. Nd1 a4 35. Kf1 Rxd1+ 36. Rxd1 a3 37. Rd8+ Kg7 38. Ra8 1-0

[Event "Mechanics' Summer TNM; 30/90, SD/30"]
[Site "San Francisco"]
[Date "2012.07.10"]
[Round "8.1"]
[White "Lacounte, Brendan"]
[Black "Zavadsky, Peter"]
[Result "0-1"]
[WhiteElo "1772"]
[BlackElo "2307"]
[PlyCount "56"]
[EventDate "2012.??.??"]

1. d4 d5 2. Nf3 Nf6 3. Bf4 c5 4. e3 e6 5. c4 Nc6 6. Nc3 a6 7. Rc1 cxd4 8. Nxd4
Be7 9. cxd5 exd5 10. Be2 O-O 11. O-O Nxd4 12. Qxd4 Be6 13. Bf3 Rc8 14. Ne2 Qa5
15. a3 b5 16. Be5 Rc4 17. Qd3 Nd7 18. b4 Qd8 19. Bb2 Bf6 20. Bxf6 Qxf6 21. Bxd5
Ne5 22. Qd1 Rd8 23. e4 Rxc1 24. Qxc1 Bxd5 25. exd5 Rxd5 26. Nc3 Nf3+ 27. Kh1
Rh5 28. h3 Qf5 0-1

[Event "Mechanics' Summer TNM; 30/90, SD/30"]
[Site "San Francisco"]
[Date "2012.06.05"]
[Round "3.9"]
[White "Lacounte, Brendan"]
[Black "Zhao, Art"]
[Result "1-0"]
[WhiteElo "1772"]
[BlackElo "2004"]
[PlyCount "87"]
[EventDate "2012.??.??"]

1. d4 d5 2. Nf3 Nf6 3. Bg5 e6 4. e3 c5 5. c3 Nc6 6. Bd3 Be7 7. Nbd2 O-O 8. O-O
a6 9. Re1 h6 10. Bh4 c4 11. Bc2 b5 12. e4 b4 13. cxb4 Nxb4 14. exd5 exd5 15.
Ne5 Qc7 16. Ba4 Bf5 17. Ndf3 Bd6 18. a3 Nd3 19. Nxd3 Bxd3 20. Bxf6 gxf6 21. Bc2
Bxc2 22. Qxc2 Qd7 23. Nh4 Qg4 24. Nf5 Bf4 25. f3 Bxh2+ 26. Kxh2 Qf4+ 27. g3
Qxf3 28. Rf1 Qh5+ 29. Kg2 Rae8 30. Rae1 Qg5 31. Rh1 h5 32. Ne7+ Kg7 33. Nf5+
Kg8 34. Ne7+ Kg7 35. Rh4 a5 36. Nf5+ Kg8 37. Reh1 Re2+ 38. Qxe2 Qxf5 39. Rxh5
Qe4+ 40. Qxe4 dxe4 41. Rh8+ Kg7 42. R1h7+ Kg6 43. Rxf8 Kxh7 44. Rxf7+ 1-0

[Event "Mechanics' Spring TNM; 30/90, SD/30"]
[Site "San Francisco"]
[Date "2012.04.03"]
[Round "4.24"]
[White "Langrog, Alex"]
[Black "Campers, Willie"]
[Result "1-0"]
[WhiteElo "807"]
[BlackElo "1649"]
[PlyCount "89"]
[EventDate "2012.??.??"]

1. e4 e6 2. Nf3 c5 3. Nc3 Nc6 4. d4 cxd4 5. Nxd4 a6 6. Bc4 Bc5 7. Be3 Ne5 8.
Bb3 b6 9. O-O Nf6 10. f4 Neg4 11. Qe2 Nxe3 12. Qxe3 Bb7 13. Rad1 O-O 14. e5 Ng4
15. Qg3 Nh6 16. Kh1 Bxd4 17. Ne2 Bc5 18. c3 Nf5 19. Qe1 Ne3 20. Nd4 Bxg2+ 21.
Kg1 Nxd1 22. Kxg2 Nxb2 23. Qe2 Ba3 24. Rb1 Qc7 25. c4 Nxc4 26. Bxc4 Rfc8 27.
Bd3 Qc3 28. Nf3 b5 29. Ng5 g6 30. Qe3 Bf8 31. Qh3 h6 32. Ne4 Bg7 $4 33. Nxc3
Rxc3 34. Qf3 Rac8 35. Qe2 R8c7 36. Rb3 Rc1 37. Qe4 Ra1 38. Qa8+ Kh7 39. Qxa6
Rcc1 40. Qa7 Bf8 41. Kh3 b4 42. Qxd7 Kg7 43. f5 gxf5 44. Be2 Kg6 45. Rg3+ 1-0

[Event "Mechanics' Mar TNM; 30/90, SD/30"]
[Site "San Francisco"]
[Date "2012.08.28"]
[Round "5.26"]
[White "Langrog, Alex"]
[Black "Cole, Tony"]
[Result "0-1"]
[WhiteElo "1347"]
[BlackElo "1604"]
[PlyCount "55"]
[EventDate "2012.??.??"]

1. e4 c5 2. Nf3 d6 3. d4 cxd4 4. Nxd4 Nf6 5. Nc3 g6 6. Bc4 Bg7 7. O-O O-O 8.
Be3 Nc6 9. Qd2 Ng4 10. Nxc6 bxc6 11. f3 Nxe3 12. Qxe3 Rb8 13. Rab1 Qb6 14. Qxb6
axb6 15. Ne2 b5 16. Bb3 Be6 17. c3 b4 18. Rfc1 c5 19. Nf4 Bxb3 20. axb3 Bh6 21.
Nd5 e6 22. Ne7+ Kg7 23. Rd1 Rb6 24. Ra1 Bg5 25. Ra7 Re8 26. Rd7 Bxe7 27. Ra1
bxc3 28. bxc3 {remainder illegible} 0-1